Palkituimmat suomalaiset televisiosarjat - Statistics

Yleistilastot
  • Tätä visaa on pelattu 46 kertaa
  • Keskiarvotulos 7 / 20
Vastaustilastot
Televisio-ohjelma % Oikein
Tanssii tähtien kanssa
95%
Yökylässä Maria Veitola
74%
Elämäni biisi
72%
Sunnuntailounas
62%
Queen of Fucking Everything
56%
Suurmestari
54%
Vain elämää
49%
Uutisvuoto
46%
Kovan viikon ilta
44%
Aikuiset
38%
Raid
33%
Docventures
18%
M/S Romantic
15%
Eränkävijät
10%
Sohvaperunat
10%
Helppo elämä
8%
Munkkivuori
8%
SuomiLOVE
5%
Koukussa
3%
Muodollisesti pätevä
0%
Ehtoja vastaavia visoja ei löytynyt
Tulosjakauma
Jokaisen tuloksen saaneiden osuus
Persentiili vastausten määrän mukaan
Tuloshistoriasi
Et ole pelannut tätä visaa